|
|
|
|
| LEADER |
01394nam a2200313 a 4500 |
| 001 |
15987945 |
| 008 |
110222s2010 nyu 000 0 eng d |
| 010 |
|
|
|a 2009941784
|
| 020 |
|
|
|a 9783642113758 (softcover : alk. paper)
|
| 020 |
|
|
|a 3642113753 (softcover : alk. paper)
|
| 022 |
0 |
|
|a 03029743
|
| 040 |
|
|
|a DLC
|c DLC
|d BD-DhAAL
|
| 082 |
0 |
0 |
|a 004/.07
|2 22
|
| 999 |
|
|
|c 10472
|d 10472
|
| 999 |
|
|
|c 10472
|
| 245 |
0 |
0 |
|a Teaching fundamentals concepts of informatics :
|b 4th international conference on informatics in secondary schools - evolution and perspectives, ISSEP 2010, Zurich, Switzerland, January 13-16, 2010, proceedings
|c edited by Juraj Hromkovic, Richard Kralovic, Jan Vahrenhold.
|
| 250 |
|
|
|a 1st ed.
|
| 260 |
|
|
|a New York :
|b Springer,
|c 2010.
|
| 300 |
|
|
|a viii, 205 p. :
|b ill. ;
|c 24 cm.
|
| 490 |
0 |
|
|a Lecture notes in computer science ;
|v 5941
|
| 504 |
|
|
|a Includes bibliographical references and index.
|
| 541 |
1 |
|
|e 00021977
|
| 650 |
|
0 |
|a Computer science
|x Study and teaching (Secondary)
|x Congresses.
|9 1705
|
| 700 |
1 |
|
|a Hromkovic, Juraj.
|9 1706
|
| 700 |
1 |
|
|a Gully, Stanley Morris.
|9 1707
|
| 700 |
1 |
|
|a Vahrenhold, Jan.
|9 1708
|
| 852 |
4 |
|
|a Ayesha Abed Library
|j General shelf
|
| 942 |
|
|
|2 ddc
|c BK
|
| 952 |
|
|
|0 0
|1 0
|2 ddc
|4 0
|6 004_070000000000000_TEA
|7 0
|9 14424
|a BRACUL
|b BRACUL
|c GEN
|d 2011-02-24
|e Karim International
|g 4140.00
|l 0
|o 004.07 TEA
|p 3010021977
|r 2011-02-24
|t 1
|w 2011-02-24
|y BK
|